| 000 | 00701nam a2200229Ia 4500 | ||
|---|---|---|---|
| 003 | OSt | ||
| 005 | 20220923220918.0 | ||
| 006 | a|||||r|||| 00| 0 | ||
| 007 | ta | ||
| 008 | 220922b |||||||| |||| 00| 0 hin d | ||
| 024 | _a192,121 | ||
| 037 | _cTextual | ||
| 040 |
_aARTS _cARTS _bhin |
||
| 041 |
_2hin _ahin |
||
| 082 | _aTv5:N7, 152L3 | ||
| 100 |
_aझींगरन, वंशगोपाल _9156292 |
||
| 245 | 0 | _aपाश्चात्य शिक्षा का इतिहास | |
| 246 | _aPāshchātya shikṣhā kā itihāsa | ||
| 260 | _c1973 | ||
| 942 |
_hTv5:N7, 152L3 _cTEXL _2CC |
||
| 999 |
_c344765 _d344765 |
||